| 000 | 00563nam a22001697a 4500 | ||
|---|---|---|---|
| 999 |
_c193005 _d193005 |
||
| 005 | 20221012162416.0 | ||
| 010 | _aENG-135371 | ||
| 020 |
_a978781832838547 _c600.00 |
||
| 035 | _aEN-118903 | ||
| 037 | _bDBAD/PUB | ||
| 082 | _a327.54 | ||
| 245 |
_aIndia And the world: _bThrough The Eyes of Indian Diplomats/ _cEdited by Surendra Kumar |
||
| 260 |
_aNew Delhi _bWisdom Tree _c2015 |
||
| 270 |
_a4779/23, Ansari Road, Darya Ganj _bNew Delhi _e110002 _mwisdomtreebooks@gmail.com |
||
| 300 |
_axi, 459p. _c24cm(hb) |
||
| 942 |
_2ddc _cEN _mIND _h327.54 |
||